<?xml version="1.0" encoding="UTF-8"?><?xml-stylesheet type="text/xsl" href="static/style.xsl"?><OAI-PMH xmlns="http://www.openarchives.org/OAI/2.0/" xmlns:xsi="http://www.w3.org/2001/XMLSchema-instance" xsi:schemaLocation="http://www.openarchives.org/OAI/2.0/ http://www.openarchives.org/OAI/2.0/OAI-PMH.xsd"><responseDate>2026-06-01T06:01:43Z</responseDate><request verb="GetRecord" identifier="oai:riuma.uma.es:10630/34643" metadataPrefix="marc">https://riuma.uma.es/rest/oai/request</request><GetRecord><record><header><identifier>oai:riuma.uma.es:10630/34643</identifier><datestamp>2026-02-03T12:29:01Z</datestamp><setSpec>com_10630_2254</setSpec><setSpec>col_10630_37959</setSpec></header><metadata><record xmlns="http://www.loc.gov/MARC21/slim" xmlns:dcterms="http://purl.org/dc/terms/" xmlns:doc="http://www.lyncode.com/xoai" xmlns:xsi="http://www.w3.org/2001/XMLSchema-instance" xsi:schemaLocation="http://www.loc.gov/MARC21/slim http://www.loc.gov/standards/marcxml/schema/MARC21slim.xsd">
   <leader>00925njm 22002777a 4500</leader>
   <datafield ind2=" " ind1=" " tag="042">
      <subfield code="a">dc</subfield>
   </datafield>
   <datafield ind2=" " ind1=" " tag="720">
      <subfield code="a">Guirado-Manzano, Lucía</subfield>
      <subfield code="e">author</subfield>
   </datafield>
   <datafield ind2=" " ind1=" " tag="720">
      <subfield code="a">Pliego-Prieto, Clara</subfield>
      <subfield code="e">author</subfield>
   </datafield>
   <datafield ind2=" " ind1=" " tag="720">
      <subfield code="a">Fernández-Ortuño, Dolores</subfield>
      <subfield code="e">author</subfield>
   </datafield>
   <datafield ind2=" " ind1=" " tag="720">
      <subfield code="a">Guirado Sánchez, Emilio</subfield>
      <subfield code="e">author</subfield>
   </datafield>
   <datafield ind2=" " ind1=" " tag="720">
      <subfield code="a">Sarmiento Sarmiento, David</subfield>
      <subfield code="e">author</subfield>
   </datafield>
   <datafield ind2=" " ind1=" " tag="720">
      <subfield code="a">Cazorla-López, Francisco Manuel</subfield>
      <subfield code="e">author</subfield>
   </datafield>
   <datafield ind2=" " ind1=" " tag="720">
      <subfield code="a">De-Vicente-Moreno, Antonio</subfield>
      <subfield code="e">author</subfield>
   </datafield>
   <datafield ind2=" " ind1=" " tag="720">
      <subfield code="a">Arrebola-Díez, Eva María</subfield>
      <subfield code="e">author</subfield>
   </datafield>
   <datafield ind2=" " ind1=" " tag="260">
      <subfield code="c">2024</subfield>
   </datafield>
   <datafield ind2=" " ind1=" " tag="520">
      <subfield code="a">El aguacate es uno de los cultivos subtropicales más importante ya que posee un gran peso&#xd;
socioeconómico. Principalmente, esta producción se concentra mayoritariamente en la región de&#xd;
la Axarquía, ubicada en la provincia de Málaga y la costa tropical de Granada, además de, en&#xd;
lugares como Tenerife, Las Palmas, Valencia, Alicante, Huelva y Cádiz. Uno de los principales&#xd;
desafíos para su producción son las enfermedades causadas por organismos fitopatógenos, entre&#xd;
ellas, destaca la muerte regresiva de rama cuyos síntomas incluyen tejido seco y necrosado en las&#xd;
puntas de las ramas y las yemas florales. Los géneros más comúnmente relacionados con estos&#xd;
daños pertenecen a los géneros Neofusicoccum, Botryosphaeria, Diplodia, Dothiorella,&#xd;
Lasiodiplodia y Barriopsis.&#xd;
El conocimiento de los mecanismos de infección del patógeno es un punto importante a la hora&#xd;
de diseñar y evaluar métodos de control de la muerte regresiva. Por ello, en una primera&#xd;
aproximación en este estudio se está llevando a cabo un estudio transcriptómico, mediante&#xd;
RNAseq, de Neofusicoccum luteum, uno de los agentes causales más frecuentemente obtenidos&#xd;
en las distintas prospecciones realizadas en la zona de la Axarquía. Para realizar este estudio,&#xd;
hemos comparado el crecimiento sobre rama y fruto de aguacate con su crecimiento en medio&#xd;
PDA. Entre los genes sobreexpresados en la interacción N. luteum/rama/fruto se identificaron&#xd;
genes relacionados con la producción de micotoxinas, degradación de pared, detoxificación de&#xd;
compuestos nocivos, degradación de proteínas y proteínas efectoras candidatas, tres de las cuales&#xd;
mostraron una probabilidad del 100% (Effector P3) y localización apoplástica.</subfield>
   </datafield>
   <datafield ind1="8" ind2=" " tag="024">
      <subfield code="a">https://hdl.handle.net/10630/34643</subfield>
   </datafield>
   <datafield tag="653" ind2=" " ind1=" ">
      <subfield code="a">Aguacates - Aspectos genéticos</subfield>
   </datafield>
   <datafield tag="653" ind2=" " ind1=" ">
      <subfield code="a">Virus fitopatógenos</subfield>
   </datafield>
   <datafield ind2="0" ind1="0" tag="245">
      <subfield code="a">Estudio y control de agentes causales de la muerte regresiva del aguacate en España.</subfield>
   </datafield>
</record>
</metadata></record></GetRecord></OAI-PMH>